[Event "PokerStars Masters 2nd"]
[Site "Douglas"]
[Date "2015.10.08"]
[Round "6.25"]
[White "Ansell, Simon"]
[Black "Hebden, Mark"]
[Result "1-0"]
[WhiteElo "2360"]
[BlackElo "2490"]
[PlyCount "141"]
[EventDate "2015.10.03"]
[EventType "swiss"]
[EventRounds "9"]
[EventCountry "IOM"]
[SourceTitle "twic1065-1099"]
[Source "Mark Crowther"]
[SourceDate "2015.12.04"]
[SourceVersion "1"]
[SourceVersionDate "2015.12.04"]
[SourceQuality "1"]

1. e4 e5 2. Nf3 Nc6 3. d4 exd4 4. Nxd4 Nf6 5. Nxc6 bxc6 6. Qe2 Be7 7. e5 Nd5 8.
c4 Nb6 9. Qg4 O-O 10. Bh6 g6 11. Bxf8 Bxf8 12. Qg3 d6 13. Nc3 dxe5 14. Rd1 Qe7
15. Be2 Bg7 16. O-O Be6 17. Qf3 c5 18. Qb7 Re8 19. Nd5 Bxd5 20. cxd5 e4 21. Bb5
Rd8 22. d6 Rxd6 23. Qb8+ Bf8 24. Qxa7 Rd4 25. b3 Qe5 26. Qb8 Qh5 27. Rde1 Kg7
28. Qe8 Bd6 29. g3 f5 30. Bc4 Kh6 31. a4 Nd7 32. Be2 Qh3 33. f4 Nf6 34. Qd8 Nd5
35. Rf2 Ne3 36. Qf6 Ng4 37. Qg5+ Kg7 38. Bxg4 fxg4 39. Rfe2 h6 40. Qh4 Qxh4 41.
gxh4 Rb4 42. Rxe4 Rxb3 43. Ra1 Rb6 44. a5 Ra6 45. Kg2 Kf6 46. h3 Kf5 47. Rc4
gxh3+ 48. Kxh3 h5 49. Kg3 Ke6 50. Kf3 Kd5 51. Rc2 c4 52. Ra4 c5 53. Rcxc4 Be7
54. Re4 Bxh4 55. f5 g5 56. Re6 Ra8 57. a6 g4+ 58. Ke2 Bg3 59. Rh6 Be5 60. Rxh5
g3 61. Kf3 Kc6 62. Rh6+ Kb5 63. Ra2 c4 64. Re6 Bd4 65. Kxg3 c3 66. f6 Ba7 67.
f7 Rf8 68. Re7 Bc5 69. Rb7+ Kc6 70. Kg4 Ra8 71. Rb3 1-0

[Event "PokerStars Masters 2nd"]
[Site "Douglas"]
[Date "2015.10.08"]
[Round "6.26"]
[White "Tarjan, James Edward"]
[Black "Ciuksyte, Dagne"]
[Result "1-0"]
[WhiteElo "2479"]
[BlackElo "2354"]
[PlyCount "89"]
[EventDate "2015.10.03"]
[EventType "swiss"]
[EventRounds "9"]
[EventCountry "IOM"]
[SourceTitle "twic1065-1099"]
[Source "Mark Crowther"]
[SourceDate "2015.12.04"]
[SourceVersion "1"]
[SourceVersionDate "2015.12.04"]
[SourceQuality "1"]

1. c4 c5 2. g3 e6 3. Bg2 d5 4. Nf3 d4 5. e3 Nc6 6. exd4 cxd4 7. O-O Nf6 8. d3
Bd6 9. Na3 O-O 10. Nc2 e5 11. b4 a6 12. c5 Bc7 13. Bg5 h6 14. Bxf6 Qxf6 15. Nd2
Be6 16. a4 Qe7 17. Rb1 Rad8 18. b5 axb5 19. axb5 Na5 20. b6 Bb8 21. Rb5 Nc6 22.
Bxc6 bxc6 23. Ra5 f5 24. Nb4 Qd7 25. Qa4 Rc8 26. Na6 Qd5 27. b7 Rce8 28. Nb4
Qd8 29. Nxc6 Qg5 30. Nxb8 Rxb8 31. Nf3 Qh5 32. Qc6 Bf7 33. Nxe5 f4 34. Nxf7
Qxf7 35. Rb5 Qf5 36. Qe4 Qh3 37. Re1 Rf5 38. Qg2 Qg4 39. h3 Qg6 40. g4 f3 41.
Qg3 Rff8 42. Rb6 Qxd3 43. c6 Qc3 44. Rf1 Qc5 45. c7 1-0

[Event "PokerStars Masters 2nd"]
[Site "Douglas"]
[Date "2015.10.08"]
[Round "6.27"]
[White "Zwahr, Paul"]
[Black "Nakar, Eylon"]
[Result "1/2-1/2"]
[WhiteElo "2326"]
[BlackElo "2463"]
[PlyCount "51"]
[EventDate "2015.10.03"]
[EventType "swiss"]
[EventRounds "9"]
[EventCountry "IOM"]
[SourceTitle "twic1065-1099"]
[Source "Mark Crowther"]
[SourceDate "2015.12.04"]
[SourceVersion "1"]
[SourceVersionDate "2015.12.04"]
[SourceQuality "1"]

1. e4 c5 2. Nf3 d6 3. d4 cxd4 4. Nxd4 Nf6 5. Nc3 a6 6. Be3 e5 7. Nb3 Be6 8. f3
h5 9. Qd2 Nbd7 10. Nd5 Bxd5 11. exd5 g6 12. Na5 Qc7 13. c4 Bg7 14. Rc1 e4 15.
Be2 exf3 16. gxf3 O-O 17. b4 Rae8 18. O-O Rxe3 19. Qxe3 Re8 20. Qd2 Qb6+ 21.
Kh1 Bh6 22. f4 Ne4 23. Qe1 Nef6 24. Qd2 Ne4 25. Qe1 Nef6 26. Qd2 1/2-1/2

[Event "PokerStars Masters 2nd"]
[Site "Douglas"]
[Date "2015.10.08"]
[Round "6.28"]
[White "Berry, Neil"]
[Black "Pert, Richard G"]
[Result "1/2-1/2"]
[WhiteElo "2355"]
[BlackElo "2450"]
[PlyCount "60"]
[EventDate "2015.10.03"]
[EventType "swiss"]
[EventRounds "9"]
[EventCountry "IOM"]
[SourceTitle "twic1065-1099"]
[Source "Mark Crowther"]
[SourceDate "2015.12.04"]
[SourceVersion "1"]
[SourceVersionDate "2015.12.04"]
[SourceQuality "1"]

1. d4 f5 2. c4 e6 3. Nc3 Nf6 4. Qc2 Bb4 5. e3 O-O 6. Bd3 c5 7. Nge2 Nc6 8. a3
Bxc3+ 9. Qxc3 d6 10. b4 cxd4 11. exd4 e5 12. dxe5 dxe5 13. O-O a5 14. b5 Nd4
15. Nxd4 exd4 16. Qc2 Ne4 17. Bb2 Nc5 18. Rad1 Qf6 19. Rfe1 Be6 20. f4 Rac8 21.
Qf2 Rfd8 22. Bc2 Ne4 23. Bxe4 fxe4 24. Rxe4 Rxc4 25. Rexd4 Rcxd4 26. Rxd4 Rxd4
27. Bxd4 Qf5 28. Qe3 Qb1+ 29. Kf2 Qc2+ 30. Kg3 Qg6+ 1/2-1/2

[Event "PokerStars Masters 2nd"]
[Site "Douglas"]
[Date "2015.10.08"]
[Round "6.29"]
[White "Zisman, Philip"]
[Black "Basso, Pier Luigi"]
[Result "0-1"]
[WhiteElo "2305"]
[BlackElo "2428"]
[PlyCount "116"]
[EventDate "2015.10.03"]
[EventType "swiss"]
[EventRounds "9"]
[EventCountry "IOM"]
[SourceTitle "twic1065-1099"]
[Source "Mark Crowther"]
[SourceDate "2015.12.04"]
[SourceVersion "1"]
[SourceVersionDate "2015.12.04"]
[SourceQuality "1"]

1. d4 d5 2. c4 c6 3. cxd5 cxd5 4. Nc3 Nf6 5. Nf3 Nc6 6. Bf4 e6 7. e3 Bd6 8. Ne5
Bxe5 9. dxe5 Nd7 10. e4 d4 11. Nb5 O-O 12. Nxd4 Qa5+ 13. Bd2 Qxe5 14. Be3 Qxe4
15. Nxc6 bxc6 16. Rc1 Nb6 17. Qd3 Qb4+ 18. Qc3 Qxc3+ 19. Rxc3 Nd5 20. Rxc6 Bb7
21. Rc4 Nxe3 22. fxe3 Bd5 23. Ra4 Rfc8 24. e4 Bc6 25. Rc4 Bb7 26. Rb4 Rab8 27.
Kd2 a5 28. Ra4 Bc6 29. Rxa5 Rxb2+ 30. Kc3 Rb1 31. Ba6 Bb7+ 32. Kd4 Rxh1 33.
Bxb7 Rb8 34. a4 Kf8 35. Rb5 Rc1 36. a5 Rd8+ 37. Ke3 Ra1 38. a6 Ke7 39. e5 f6
40. exf6+ Kxf6 41. Rb6 Ra3+ 42. Ke4 Rd2 43. Bc8 Rxg2 44. Rxe6+ Kf7 45. Rb6 Rxh2
46. Kd5 Rc2 47. Be6+ Ke7 48. Rb7+ Kf6 49. Rb6 Kg5 50. Bg8 Rca2 51. Bxh7 Rxa6
52. Rb1 Ra1 53. Rb7 g6 54. Bg8 Re1 55. Kd4 Rd6+ 56. Kc5 Rd8 57. Bb3 Rc1+ 58.
Kb4 Rd6 0-1

[Event "PokerStars Masters 2nd"]
[Site "Douglas"]
[Date "2015.10.08"]
[Round "6.30"]
[White "House, Glenn L"]
[Black "Kobo, Ori"]
[Result "0-1"]
[WhiteElo "2229"]
[BlackElo "2427"]
[PlyCount "128"]
[EventDate "2015.10.03"]
[EventType "swiss"]
[EventRounds "9"]
[EventCountry "IOM"]
[SourceTitle "twic1065-1099"]
[Source "Mark Crowther"]
[SourceDate "2015.12.04"]
[SourceVersion "1"]
[SourceVersionDate "2015.12.04"]
[SourceQuality "1"]

1. e4 e6 2. d3 d5 3. Nd2 Nf6 4. Ngf3 c5 5. g3 g6 6. Bg2 Bg7 7. O-O Nc6 8. Re1
O-O 9. c3 b6 10. exd5 Nxd5 11. Nc4 Qc7 12. a4 Ba6 13. Qc2 Rad8 14. Bg5 f6 15.
Bd2 e5 16. Rad1 Kh8 17. Bc1 Bc8 18. Ne3 Nxe3 19. Bxe3 Ne7 20. Qb3 Bb7 21. Qc2
Ba6 22. Bc1 Rd6 23. Bf1 Rfd8 24. Nh4 Qd7 25. f4 Nc6 26. Nf3 c4 27. d4 exd4 28.
Nxd4 Nxd4 29. cxd4 Rxd4 30. Rxd4 Qxd4+ 31. Be3 Qd5 32. Qg2 Qd7 33. Qc2 Qd5 34.
Bg2 Qd3 35. Qxd3 cxd3 36. f5 gxf5 37. Bd2 Bf8 38. Bc6 Bc5+ 39. Kf1 Bb4 40. Rd1
Bxd2 41. Rxd2 Rd6 42. Bf3 Rd4 43. Bd1 f4 44. Kf2 Kg7 45. gxf4 Rxf4+ 46. Ke3 Rh4
47. b3 f5 48. Rf2 Kf6 49. Bf3 Ke5 50. Kd2 Rf4 51. Ke3 Rb4 52. Rb2 Rd4 53. Kd2
Rh4 54. Kc3 d2 55. Bd1 Rxh2 56. b4 Be2 57. Rxd2 Rh3+ 58. Kb2 Bxd1 59. Rxd1 f4
60. Rd7 f3 61. Rxa7 Rh4 62. Re7+ Kf6 63. Re1 Rxb4+ 64. Kc3 Rf4 0-1

[Event "PokerStars Masters 2nd"]
[Site "Douglas"]
[Date "2015.10.08"]
[Round "6.31"]
[White "Grant, Jonathan"]
[Black "Gara, Ticia"]
[Result "0-1"]
[WhiteElo "2225"]
[BlackElo "2370"]
[PlyCount "86"]
[EventDate "2015.10.03"]
[EventType "swiss"]
[EventRounds "9"]
[EventCountry "IOM"]
[SourceTitle "twic1065-1099"]
[Source "Mark Crowther"]
[SourceDate "2015.12.04"]
[SourceVersion "1"]
[SourceVersionDate "2015.12.04"]
[SourceQuality "1"]

1. c4 g6 2. Nc3 c5 3. Nf3 Bg7 4. g3 Nc6 5. Bg2 e6 6. a3 Nge7 7. d3 O-O 8. Bg5
h6 9. Bd2 b6 10. O-O Bb7 11. Qc1 Kh7 12. Rd1 d6 13. b4 Qd7 14. b5 Nd4 15. Nxd4
cxd4 16. Na2 Bxg2 17. Kxg2 d5 18. Bb4 Rfc8 19. Bxe7 Qxe7 20. Nb4 dxc4 21. Nc6
Rxc6 22. bxc6 c3 23. e3 Qc7 24. exd4 Qxc6+ 25. Kg1 Bxd4 26. Ra2 Rd8 27. Re1 e5
28. Re4 Kg7 29. Rc2 Rd6 30. Qe1 Qb5 31. Qd1 Qc5 32. Kg2 Qxa3 33. f4 exf4 34.
Qe2 f3+ 35. Qxf3 Rf6 36. Qd1 Qc5 37. Rce2 b5 38. Qb3 Qf5 39. Qd1 Qf3+ 40. Kh3
Qf5+ 41. Kg2 Qf3+ 42. Kh3 Rf5 43. Rxd4 Rh5+ 0-1

[Event "PokerStars Masters 2nd"]
[Site "Douglas"]
[Date "2015.10.08"]
[Round "6.32"]
[White "Zozulia, Anna"]
[Black "Cherniaev, Alexander"]
[Result "0-1"]
[WhiteElo "2335"]
[BlackElo "2458"]
[PlyCount "29"]
[EventDate "2015.10.03"]
[EventType "swiss"]
[EventRounds "9"]
[EventCountry "IOM"]
[SourceTitle "twic1065-1099"]
[Source "Mark Crowther"]
[SourceDate "2015.12.04"]
[SourceVersion "1"]
[SourceVersionDate "2015.12.04"]
[SourceQuality "1"]

1. e4 c6 2. d4 d5 3. exd5 cxd5 4. Bd3 Nc6 5. c3 Qc7 6. h3 g6 7. Ne2 Bf5 8. Bxf5
gxf5 9. Bf4 Qd7 10. Nd2 Bg7 11. Ng3 Nf6 12. Nf3 Ne4 13. O-O O-O-O 14. Nh5 f6
15. Nxg7 0-1

[Event "PokerStars Masters 2nd"]
[Site "Douglas"]
[Date "2015.10.08"]
[Round "6.33"]
[White "Gaehwiler, Gabriel"]
[Black "Greet, Andrew"]
[Result "1/2-1/2"]
[WhiteElo "2328"]
[BlackElo "2455"]
[PlyCount "80"]
[EventDate "2015.10.03"]
[EventType "swiss"]
[EventRounds "9"]
[EventCountry "IOM"]
[SourceTitle "twic1065-1099"]
[Source "Mark Crowther"]
[SourceDate "2015.12.04"]
[SourceVersion "1"]
[SourceVersionDate "2015.12.04"]
[SourceQuality "1"]

1. d4 Nf6 2. c4 e6 3. Nf3 d5 4. g3 dxc4 5. Bg2 Bd7 6. Nbd2 Bc6 7. Nxc4 Bd5 8.
b3 c5 9. dxc5 Bxc5 10. Ne3 Bb4+ 11. Bd2 Bxd2+ 12. Qxd2 Be4 13. Qxd8+ Kxd8 14.
Ne5 Bxg2 15. Nxg2 Ke7 16. Rc1 Na6 17. Nd3 Rac8 18. Rxc8 Rxc8 19. Kd2 Ne4+ 20.
Ke3 f5 21. f3 Nc3 22. Rc1 Rc7 23. Rc2 Nd5+ 24. Kd2 Rxc2+ 25. Kxc2 Nab4+ 26.
Nxb4 Nxb4+ 27. Kb2 Kd6 28. a3 Nc6 29. Kc3 g5 30. Ne3 b5 31. Nc2 Kc5 32. Nb4
Nxb4 33. axb4+ Kd5 34. Kd3 f4 35. e4+ Ke5 36. g4 Kd6 37. Kd4 e5+ 38. Kc3 Kc6
39. Kc2 Kb6 40. Kb2 a6 1/2-1/2

[Event "PokerStars Masters 2nd"]
[Site "Douglas"]
[Date "2015.10.08"]
[Round "6.34"]
[White "Roberson, Peter T"]
[Black "Lyell, Mark"]
[Result "1/2-1/2"]
[WhiteElo "2423"]
[BlackElo "2285"]
[PlyCount "90"]
[EventDate "2015.10.03"]
[EventType "swiss"]
[EventRounds "9"]
[EventCountry "IOM"]
[SourceTitle "twic1065-1099"]
[Source "Mark Crowther"]
[SourceDate "2015.12.04"]
[SourceVersion "1"]
[SourceVersionDate "2015.12.04"]
[SourceQuality "1"]

1. e4 c5 2. Nf3 d6 3. Bb5+ Nd7 4. O-O a6 5. Bd3 Ngf6 6. Re1 e5 7. c3 Be7 8. Bc2
O-O 9. d4 Qc7 10. Nbd2 Re8 11. Nf1 Nf8 12. Ne3 Bg4 13. Nxg4 Nxg4 14. a4 b5 15.
Qe2 c4 16. Bd2 Nd7 17. b3 Ngf6 18. d5 cxb3 19. Bxb3 Nc5 20. Bc2 bxa4 21. Bxa4
Rec8 22. Bc2 Rab8 23. Ra2 Nfd7 24. Rea1 Rb7 25. Ne1 Bd8 26. Nd3 a5 27. Nxc5
Nxc5 28. c4 a4 29. Bxa4 Nxa4 30. Rxa4 Rb2 31. Qd3 Rcb8 32. Ra8 Qb7 33. Rxb8
Qxb8 34. g3 Bb6 35. Be3 Bxe3 36. Qxe3 Rb1+ 37. Rxb1 Qxb1+ 38. Kg2 Qc2 39. Kh3
h6 40. Qb6 Qxc4 41. Qxd6 Qxe4 42. Qd8+ Kh7 43. d6 Qf5+ 44. Kg2 Qe4+ 45. Kf1
Qh1+ 1/2-1/2

[Event "PokerStars Masters 2nd"]
[Site "Douglas"]
[Date "2015.10.08"]
[Round "6.35"]
[White "Satyapragyan, Swayangsu"]
[Black "Efroimski, Marsel"]
[Result "1-0"]
[WhiteElo "2416"]
[BlackElo "2255"]
[PlyCount "69"]
[EventDate "2015.10.03"]
[EventType "swiss"]
[EventRounds "9"]
[EventCountry "IOM"]
[SourceTitle "twic1065-1099"]
[Source "Mark Crowther"]
[SourceDate "2015.12.04"]
[SourceVersion "1"]
[SourceVersionDate "2015.12.04"]
[SourceQuality "1"]

1. e4 c5 2. Nf3 d6 3. Bb5+ Bd7 4. Bxd7+ Nxd7 5. O-O Ngf6 6. Qe2 Rc8 7. Rd1 g6
8. c3 Bh6 9. b3 O-O 10. Bb2 Qc7 11. c4 e5 12. Nc3 Rfe8 13. Ne1 Nf8 14. Nc2 Ne6
15. Ne3 Qd7 16. Qf1 Nd4 17. Ncd5 Nxd5 18. Nxd5 Bg7 19. Bxd4 exd4 20. Re1 Kf8
21. Qd3 Kg8 22. Re2 Rb8 23. Rf1 Rf8 24. f4 f6 25. Qg3 Rbe8 26. d3 f5 27. Rfe1
fxe4 28. Rxe4 Rxe4 29. Rxe4 b5 30. Re7 Qd8 31. Qe1 bxc4 32. bxc4 Qb8 33. h3 Qb2
34. Rxa7 Bh6 35. Kh2 1-0

[Event "PokerStars Masters 2nd"]
[Site "Douglas"]
[Date "2015.10.08"]
[Round "6.36"]
[White "Daulyte, Deimante"]
[Black "Allen, Keith"]
[Result "0-1"]
[WhiteElo "2392"]
[BlackElo "2210"]
[PlyCount "94"]
[EventDate "2015.10.03"]
[EventType "swiss"]
[EventRounds "9"]
[EventCountry "IOM"]
[SourceTitle "twic1065-1099"]
[Source "Mark Crowther"]
[SourceDate "2015.12.04"]
[SourceVersion "1"]
[SourceVersionDate "2015.12.04"]
[SourceQuality "1"]

1. e4 e5 2. Nf3 Nc6 3. Bb5 a6 4. Ba4 Nf6 5. O-O Be7 6. Re1 b5 7. Bb3 d6 8. c3
O-O 9. h3 Bb7 10. d4 Re8 11. Nbd2 Bf8 12. a3 h6 13. d5 Ne7 14. Nf1 c6 15. dxc6
Bxc6 16. Ng3 Ng6 17. Qc2 Qb6 18. a4 Qb7 19. axb5 axb5 20. Rxa8 Rxa8 21. Bd2 Nf4
22. c4 Rc8 23. Bc3 b4 24. Bd2 Ne6 25. Qb1 Nc5 26. Bc2 b3 27. Bd3 Ra8 28. Nh2
Ra2 29. Bc3 h5 30. f3 Qa7 31. Kf1 Na4 32. Qc1 g6 33. Bb1 Ra1 34. Ne2 Qc5 35.
Bd2 Nb6 36. Be3 Rxb1 37. Bxc5 Rxc1 38. Nxc1 dxc5 39. Nxb3 Nxc4 40. Rc1 Ba4 41.
Rxc4 Bxb3 42. Rc3 c4 43. Ke2 Bc5 44. Nf1 Bd4 45. Rc1 Bxb2 46. Rb1 c3 47. Ne3
Nd7 0-1

[Event "PokerStars Masters 2nd"]
[Site "Douglas"]
[Date "2015.10.08"]
[Round "6.37"]
[White "Kolbus, Dietmar"]
[Black "Dragnev, Valentin"]
[Result "1-0"]
[WhiteElo "2300"]
[BlackElo "2380"]
[PlyCount "179"]
[EventDate "2015.10.03"]
[EventType "swiss"]
[EventRounds "9"]
[EventCountry "IOM"]
[SourceTitle "twic1065-1099"]
[Source "Mark Crowther"]
[SourceDate "2015.12.04"]
[SourceVersion "1"]
[SourceVersionDate "2015.12.04"]
[SourceQuality "1"]

1. c4 c5 2. Nf3 Nc6 3. d4 cxd4 4. Nxd4 e6 5. a3 Bc5 6. e3 Nf6 7. Nc3 O-O 8. Be2
d5 9. cxd5 exd5 10. O-O Re8 11. b4 Bd6 12. Ncb5 Bf8 13. Nxc6 bxc6 14. Nd4 Bd7
15. Nb3 Ne4 16. Bb2 Bd6 17. Bf3 Qb8 18. h3 a5 19. Bxe4 Rxe4 20. Nd2 Re6 21. Bc3
axb4 22. Bxb4 Bxb4 23. axb4 Rxa1 24. Qxa1 Qxb4 25. Nf3 h6 26. Rb1 Qd6 27. Rc1
Re4 28. Qa5 Re8 29. Nd4 Rc8 30. Rc5 Kh7 31. Qc3 g6 32. Qa5 Rb8 33. Rc1 Rc8 34.
Rc5 Qf6 35. Qa7 Qd8 36. Rc1 Qc7 37. Qc5 Kg7 38. Kh1 Kg8 39. Kg1 Qe5 40. Qa7 Be8
41. Qc5 Qf6 42. Rc2 Kg7 43. Qa3 Bd7 44. Rc1 h5 45. Kf1 Rb8 46. Kg1 Rc8 47. Kf1
g5 48. Kg1 Kh6 49. Qc5 Ra8 50. Qc2 Kg7 51. Qb2 Kg8 52. Qc2 Rb8 53. Kf1 c5 54.
Ne2 Rc8 55. Kg1 Bc6 56. Qd2 Qe7 57. Nc3 Rd8 58. Na4 c4 59. Nc3 f6 60. Rd1 Kf7
61. Kh2 Rd7 62. Kg1 Ke8 63. Qb2 Kf8 64. Rd4 Kg7 65. Qd2 g4 66. hxg4 hxg4 67.
Qd1 Ra7 68. Qc1 Qe5 69. g3 f5 70. Qb2 Rd7 71. Kf1 Kg6 72. Qb5 Kf6 73. Ke1 Rd8
74. Qb2 Rb8 75. Qd2 Rd8 76. Rxc4 d4 77. Rxd4 Rh8 78. e4 Rh1+ 79. Ke2 Kg6 80.
Qe3 fxe4 81. Rxe4 Qf5 82. Re6+ Kf7 83. Re7+ Kf6 84. Re4 Qc8 85. Qf4+ Kg7 86.
Re7+ Kg6 87. Qf7+ Kg5 88. Qg7+ Kh5 89. Re5+ Qf5 90. Rxf5# 1-0

[Event "PokerStars Masters 2nd"]
[Site "Douglas"]
[Date "2015.10.08"]
[Round "6.38"]
[White "Ambartsumova, Karina"]
[Black "Vuilleumier, Alexandre"]
[Result "0-1"]
[WhiteElo "2262"]
[BlackElo "2345"]
[PlyCount "42"]
[EventDate "2015.10.03"]
[EventType "swiss"]
[EventRounds "9"]
[EventCountry "IOM"]
[SourceTitle "twic1065-1099"]
[Source "Mark Crowther"]
[SourceDate "2015.12.04"]
[SourceVersion "1"]
[SourceVersionDate "2015.12.04"]
[SourceQuality "1"]

1. e4 e6 2. d4 d5 3. Nc3 Nf6 4. e5 Nfd7 5. Nce2 c5 6. c3 Nc6 7. Nf3 Be7 8. Nf4
Qa5 9. dxc5 Ndxe5 10. b4 Qc7 11. Nd4 O-O 12. Be3 a5 13. a3 axb4 14. cxb4 Nxd4
15. Bxd4 Nc6 16. Nh5 Nxd4 17. Qxd4 e5 18. Qxd5 Rd8 19. Qb3 Bxc5 20. Bc4 Bd4 21.
Ng3 Bg4 0-1

[Event "PokerStars Masters 2nd"]
[Site "Douglas"]
[Date "2015.10.08"]
[Round "6.39"]
[White "Tate, Alan"]
[Black "Hill, Alistair"]
[Result "1-0"]
[WhiteElo "2341"]
[BlackElo "2180"]
[PlyCount "93"]
[EventDate "2015.10.03"]
[EventType "swiss"]
[EventRounds "9"]
[EventCountry "IOM"]
[SourceTitle "twic1065-1099"]
[Source "Mark Crowther"]
[SourceDate "2015.12.04"]
[SourceVersion "1"]
[SourceVersionDate "2015.12.04"]
[SourceQuality "1"]

1. Nf3 c5 2. c4 Nf6 3. Nc3 d5 4. cxd5 Nxd5 5. e4 Nb4 6. Bb5+ N8c6 7. d4 cxd4 8.
a3 dxc3 9. Qxd8+ Kxd8 10. axb4 cxb2 11. Bxb2 f6 12. e5 Bd7 13. Bxc6 Bxc6 14.
O-O Ke8 15. e6 Bd5 16. Nd4 a6 17. b5 g6 18. Rfc1 Bh6 19. Rc7 Bf4 20. Rc5 Rd8
21. bxa6 bxa6 22. Rxa6 Be5 23. h3 Bxe6 24. Rxe5 fxe5 25. Nxe6 Rc8 26. Bxe5 Rg8
27. h4 Kd7 28. Nd4 Rc1+ 29. Kh2 Rgc8 30. Ra7+ Ke8 31. Nf3 R1c2 32. Kg3 Re2 33.
Bf4 Rc3 34. Ra8+ Kf7 35. Be3 Rcxe3 36. fxe3 Rxe3 37. Kf2 Rb3 38. Ne5+ Kg7 39.
Ra7 h6 40. Nf3 Kf6 41. Ra6+ Kg7 42. Ne5 Rb2+ 43. Kf3 Rb3+ 44. Kf2 Rb2+ 45. Kg3
Rb3+ 46. Kh2 g5 47. hxg5 1-0

[Event "PokerStars Masters 2nd"]
[Site "Douglas"]
[Date "2015.10.08"]
[Round "6.40"]
[White "Gikas, Andreas Basilius"]
[Black "Jackson, James P"]
[Result "0-1"]
[WhiteElo "2208"]
[BlackElo "2368"]
[PlyCount "88"]
[EventDate "2015.10.03"]
[EventType "swiss"]
[EventRounds "9"]
[EventCountry "IOM"]
[SourceTitle "twic1065-1099"]
[Source "Mark Crowther"]
[SourceDate "2015.12.04"]
[SourceVersion "1"]
[SourceVersionDate "2015.12.04"]
[SourceQuality "1"]

1. e4 c5 2. Nf3 e6 3. d4 cxd4 4. Nxd4 a6 5. Be2 Nf6 6. Nc3 Qc7 7. O-O d6 8. f4
Be7 9. a4 b6 10. Bf3 Bb7 11. e5 dxe5 12. fxe5 Nfd7 13. Bxb7 Qxb7 14. Qg4 Bc5
15. Kh1 Bxd4 16. Qxd4 Nc6 17. Qd6 Ndxe5 18. Ne4 Qd7 19. Bg5 Qxd6 20. Nxd6+ Kf8
21. Rae1 f6 22. Ne4 Ke7 23. Nxf6 gxf6 24. Bxf6+ Kd6 25. Rd1+ Kc7 26. Bxh8 Rxh8
27. Rfe1 Re8 28. Re4 Nd7 29. b4 e5 30. b5 axb5 31. axb5 Na5 32. Rde1 Re7 33.
Kg1 Nb7 34. Rh4 Nd6 35. c4 e4 36. Kf1 Nc5 37. Rc1 Nf5 38. Rh3 Nd3 39. Ra1 Kd6
40. Rh5 e3 41. Ra2 e2+ 42. Rxe2 Rxe2 43. g4 Rf2+ 44. Kg1 Ne3 0-1

[Event "PokerStars Masters 2nd"]
[Site "Douglas"]
[Date "2015.10.08"]
[Round "6.41"]
[White "Jedynak, Radoslaw"]
[Black "Player, Edmund C"]
[Result "1-0"]
[WhiteElo "2427"]
[BlackElo "2200"]
[PlyCount "49"]
[EventDate "2015.10.03"]
[EventType "swiss"]
[EventRounds "9"]
[EventCountry "IOM"]
[SourceTitle "twic1065-1099"]
[Source "Mark Crowther"]
[SourceDate "2015.12.04"]
[SourceVersion "1"]
[SourceVersionDate "2015.12.04"]
[SourceQuality "1"]

1. e4 e6 2. d4 d5 3. Nd2 Be7 4. Bd3 c5 5. dxc5 Nf6 6. exd5 exd5 7. Ngf3 Bxc5 8.
O-O O-O 9. Nb3 Bb6 10. Bg5 Bg4 11. Re1 Qd6 12. Bh4 Nc6 13. c4 Rfd8 14. c5 Bxc5
15. Bxf6 gxf6 16. Nxc5 Qxc5 17. Qd2 Bxf3 18. gxf3 Kh8 19. Qh6 Rg8+ 20. Kh1 Rg6
21. Bxg6 fxg6 22. Kg1 Qf8 23. Qf4 Rd8 24. Qc7 Qd6 25. Re8+ 1-0

[Event "PokerStars Masters 2nd"]
[Site "Douglas"]
[Date "2015.10.08"]
[Round "6.42"]
[White "Burrows, Martin"]
[Black "Eggleston, David"]
[Result "0-1"]
[WhiteElo "2147"]
[BlackElo "2404"]
[PlyCount "70"]
[EventDate "2015.10.03"]
[EventType "swiss"]
[EventRounds "9"]
[EventCountry "IOM"]
[SourceTitle "twic1065-1099"]
[Source "Mark Crowther"]
[SourceDate "2015.12.04"]
[SourceVersion "1"]
[SourceVersionDate "2015.12.04"]
[SourceQuality "1"]

1. e4 c5 2. Nf3 d6 3. d4 Nf6 4. Nc3 cxd4 5. Nxd4 a6 6. Be3 e5 7. Nb3 Be6 8. h3
b5 9. g4 b4 10. Nd5 Bxd5 11. exd5 Be7 12. g5 Nfd7 13. Qg4 a5 14. h4 a4 15. Nd2
Qa5 16. Nc4 Qc7 17. h5 Na6 18. Rg1 Nac5 19. g6 fxg6 20. hxg6 h6 21. Bh3 O-O 22.
Qe2 e4 23. Bxd7 Nxd7 24. Bd4 Bf6 25. Rd1 Nc5 26. Bxf6 Rxf6 27. b3 axb3 28. axb3
Ra2 29. Rg3 Qc8 30. Kf1 Nd3 31. Rdxd3 exd3 32. Qxd3 Ra1+ 33. Kg2 Re1 34. Qd2
Qe8 35. Ne3 Qe4+ 0-1

[Event "PokerStars Masters 2nd"]
[Site "Douglas"]
[Date "2015.10.08"]
[Round "6.43"]
[White "Byron, Alan M"]
[Black "Mannion, Stephen R"]
[Result "0-1"]
[WhiteElo "2188"]
[BlackElo "2344"]
[PlyCount "128"]
[EventDate "2015.10.03"]
[EventType "swiss"]
[EventRounds "9"]
[EventCountry "IOM"]
[SourceTitle "twic1065-1099"]
[Source "Mark Crowther"]
[SourceDate "2015.12.04"]
[SourceVersion "1"]
[SourceVersionDate "2015.12.04"]
[SourceQuality "1"]

1. e4 e5 2. Nf3 Nc6 3. Bb5 a6 4. Ba4 Nf6 5. O-O Be7 6. Re1 b5 7. Bb3 d6 8. c3
O-O 9. h3 Na5 10. Bc2 c5 11. d4 Nd7 12. a4 exd4 13. cxd4 b4 14. Nbd2 cxd4 15.
Nxd4 Nc5 16. N2b3 Ncxb3 17. Nxb3 Bb7 18. Qd3 g6 19. Bh6 Re8 20. Qd4 Bf6 21.
Qxb4 Nxb3 22. Bxb3 Rb8 23. Qc4 Qe7 24. Re3 Bxb2 25. Ra2 Bf6 26. Rae2 Rec8 27.
Qd3 Rc1+ 28. Kh2 Rbc8 29. f4 R8c3 30. Qd2 Qc7 31. Rxc3 Rxc3 32. Bd5 Bc8 33. Bg5
Bg7 34. e5 dxe5 35. Bd8 Qc5 36. Bb6 Qa3 37. fxe5 Rd3 38. Qa2 Qe7 39. Bb3 Bxe5+
40. Kg1 Kg7 41. Bc2 Rc3 42. Qd5 f6 43. Bd4 Bxd4+ 44. Qxd4 Qc5 45. Qxc5 Rxc5 46.
Bb3 Kf8 47. Rd2 Ke7 48. h4 Bd7 49. Kf2 Rc3 50. Bd1 Rc4 51. h5 gxh5 52. Bxh5
Rxa4 53. Rb2 a5 54. Be2 Rb4 55. Ra2 a4 56. Bd1 Bb5 57. Ra3 Rd4 58. Bf3 Rd3 59.
Ra2 Rc3 60. Be4 h6 61. g4 a3 62. Bf5 Bc4 63. Ra1 a2 64. Ke1 Rf3 0-1

[Event "PokerStars Masters 2nd"]
[Site "Douglas"]
[Date "2015.10.08"]
[Round "6.44"]
[White "Duncan, Christopher R"]
[Black "Leutwyler, Martin"]
[Result "1-0"]
[WhiteElo "2334"]
[BlackElo "2156"]
[PlyCount "91"]
[EventDate "2015.10.03"]
[EventType "swiss"]
[EventRounds "9"]
[EventCountry "IOM"]
[SourceTitle "twic1065-1099"]
[Source "Mark Crowther"]
[SourceDate "2015.12.04"]
[SourceVersion "1"]
[SourceVersionDate "2015.12.04"]
[SourceQuality "1"]

1. Nf3 d5 2. d4 Nf6 3. c4 c6 4. Nc3 dxc4 5. a4 Bf5 6. Ne5 Nbd7 7. Nxc4 Nb6 8.
Ne5 a6 9. g3 e6 10. Bg2 h6 11. e4 Bh7 12. O-O Bb4 13. Re1 O-O 14. Qd3 Nbd7 15.
Qe2 Nxe5 16. dxe5 Nd7 17. Rd1 Qc7 18. f4 Rfd8 19. Be3 Bc5 20. Qf2 Qb6 21. Bxc5
Nxc5 22. Rd6 Rd7 23. Rad1 Rad8 24. R1d2 Rxd6 25. exd6 Nd7 26. Bh3 Kf8 27. Bg4
Bg8 28. e5 Qxf2+ 29. Kxf2 f6 30. Re2 g5 31. h4 Bf7 32. Re3 Kg7 33. Ne2 h5 34.
Bh3 g4 35. Bg2 f5 36. Rc3 Be8 37. Nd4 Kf7 38. Bf1 Nb6 39. Rb3 Nxa4 40. Rxb7+
Rd7 41. Rb8 Nc5 42. Bc4 Ra7 43. Nxe6 Ne4+ 44. Ke3 Bd7 45. Ng5+ Kg7 46. Nxe4 1-0